Production planning and control

This book provides an essential introduction to the basic principles involved and is specifically. It gives a practical and comprehensive appreciation and understanding of the ways in which manafacturing companies are organized, the nature and diversity of engineering products, the organization of p...

Disgrifiad llawn

Wedi'i Gadw mewn:
Manylion Llyfryddiaeth
Prif Awdur: Wiiliam Bolton
Fformat: Llyfr
Iaith:Undetermined
Cyhoeddwyd: London Longman 1994
Pynciau:
Tagiau: Ychwanegu Tag
Dim Tagiau, Byddwch y cyntaf i dagio'r cofnod hwn!
Thư viện lưu trữ: Trung tâm Học liệu Trường Đại học Cần Thơ
LEADER 00967nam a2200193Ia 4500
001 CTU_19329
008 210402s9999 xx 000 0 und d
082 |a 658.503 
082 |b B694 
100 |a Wiiliam Bolton 
245 0 |a Production planning and control 
245 0 |c Wiiliam Bolton 
260 |a London 
260 |b Longman 
260 |c 1994 
520 |a This book provides an essential introduction to the basic principles involved and is specifically. It gives a practical and comprehensive appreciation and understanding of the ways in which manafacturing companies are organized, the nature and diversity of engineering products, the organization of production, the planning and control of production. Each chapter includes revision questions and case problems with outlines of answers 
650 |a industrial management,production management,production planning 
904 |i Minh, 971023 
980 |a Trung tâm Học liệu Trường Đại học Cần Thơ